000 01559nam a2200433 i 4500
001 51455
003 KOSZ 005
005 20221114122404.0
008 060301s2005 pl f |000 0 pol d
040 _cKOSZ 005
_aKOSZ 005
_dKOSZ 005/HR
041 0 _aeng
_bpol
046 _k2005
080 _a621.01
080 _a539.3/.5
080 _a519.6
100 1 _aWilczyński, Bogdan
_eAutor
245 1 0 _aStrength optimization of machine and structural components /
_cBogdan Wilczyński.
260 _aKoszalin :
_bWydawnictwo Uczelniane Politechniki Koszalińskiej,
_c2005.
300 _a239 s. :
_bil. ;
_c24 cm.
336 _2rdacontent
_aTekst
_btxt
337 _2rdamedia
_aBez urządzenia pośredniczącego
_bn
338 _2rdacarrier
_aWolumin
_bnc
380 _aKsiążki
380 _aPublikacje naukowe
388 _a2001-
490 1 _aMonografia Wydziału Mechanicznego,
_x0239-7129 ;
_vnr 118
500 _aStreszcz. pol., ang.
504 _aBibliogr.
650 9 _a Konstrukcja maszyn i urządzeń
650 9 _aMechanika pękania
650 9 _aMechanika stosowana
650 9 _aNaprężenia i odkształcenia
650 9 _aWytrzymałość materiałów
658 _aInżynieria i technika
710 2 _aWydawnictwo Uczelniane (Politechnika Koszalińska)
830 _aMonografia Wydziału Mechanicznego - Politechnika Koszalińska
856 _uhttp://koha.tu.koszalin.pl/cgi-bin/koha/opac-detail.pl?biblionumber=51455
_yKatalog online BPK
942 _cKS
_2UKD
999 _c51455
_d51455